Tallest Buildings in Vietnam - Statistics

General Stats
  • This quiz has been taken 62 times
    57 since last reset
  • The average score is 4 of 10
Answer Stats
Height City Building % Correct
461 Ho Chi Minh City Vincom Landmark 81
100%
262 Ho Chi Minh City Bitexco Financial Tower
68%
267 Hanoi Lotte Center Hanoi
57%
336 Hanoi Landmark 72
43%
212 Hanoi Keangnam Hanoi Residential Tower 1
38%
206 Ho Chi Minh City Vietcombank Tower
32%
212 Hanoi Keangnam Hanoi Residential Tower 2
30%
195 Hanoi Discovery Complex Residential Tower
23%
194 Ho Chi Minh City Saigon Centre 2
23%
195 Ho Chi Minh City Saigon One Tower
21%
No matching quizzes found
Score Distribution
Percent of People with Each Score
Percentile by Number Answered
Your Score History
You have not taken this quiz since the last reset